[Event "TUR-chT Superleague 2018"]
[Site "Ankara"]
[Date "2018.07.29"]
[Round "5"]
[White "Ozbek, Busra"]
[Black "Ayan, Bengu Sena"]
[Result "0-1"]
[WhiteElo "1848"]
[BlackElo "1787"]
[Annotator "NA"]
[PlyCount "76"]
[EventDate "2018.07.25"]
[EventType "team-tourn"]
[EventCountry "TUR"]
[SourceTitle "playchess.com"]
[Source "ChessBase"]
[SourceQuality "1"]
[TimeControl "40/5400+30:1800+30"]

1. d4 {[%emt 0:00:30]} d5 {[%emt 0:01:00]} 2. Nf3 {[%emt 0:00:30]} Nf6 {[%emt 0:00:30]} 3. e3 {[%emt 0:00:30]} g6 {[%emt 0:00:00]} 4. c4 {[%emt 0:01:30]} c6 {[%emt 0:00:00]} 5. Nc3 {[%emt 0:01:30]} Bg7 {[%emt 0:00:00]} 6. Bd3 {[%emt 0:05:30]} O-O {[%emt 0:00:00]} 7. O-O {[%emt 0:01:30]} Bg4 {[%emt 0:00:30]} 8. Qb3 {[%emt 0:02:30]} Bxf3 {[%emt 0:06:30]} 9. Qxb7 {[%emt 0:16:30]} Nbd7 {[%emt 0:36:30]} 10. gxf3 {[%emt 0:01:30]} dxc4 {[%emt 0:01:30]} 11. Bxc4 {[%emt 0:01:30]} Nb6 {[%emt 0:03:30]} 12. b3 {[%emt 0:02:30]} Qd6 {[%emt 0:04:30]} 13. a4 {[%emt 0:03:30]} Rfb8 {[%emt 0:07:30]} 14. Qa6 {[%emt 0:00:30]} e5 {[%emt 0:01:30]} 15. Ba3 {[%emt 0:02:30]} Qc7 {[%emt 0:01:30]} 16. dxe5 {[%emt 0:10:30]} Qxe5 {[%emt 0:00:30]} 17. Rac1 {[%emt 0:04:30]} Qg5+ {[%emt 0:15:56]} 18. Kh1 {[%emt 0:00:30]} Nxc4 {[%emt 0:01:33]} 19. Qxc4 {[%emt 0:01:30]} Qh5 {[%emt 0:00:40]} 20. Bd6 {[%emt 0:12:30]} Qxf3+ {[%emt 0:01:31]} 21. Kg1 {[%emt 0:00:30]} Re8 {[%emt 0:02:39]} 22. Ne2 {[%emt 0:04:30]} Ne4 {[%emt 0:04:06]} 23. Rcd1 {[%emt 0:04:49]} Rad8 {[%emt 0:00:36]} 24. Bc7 {[%emt 0:10:25]} Rxd1 {[%emt 0:00:55]} 25. Rxd1 {[%emt 0:01:14]} Nxf2 {[%emt 0:00:10]} 26. Nf4 {[%emt 0:01:48]} Nxd1 {[%emt 0:00:33]} 27. Ng2 {[%emt 0:01:49]} Nxe3 {[%emt 0:01:21]} 28. Nxe3 {[%emt 0:00:32]} Qxe3+ {[%emt 0:00:07]} 29. Kg2 {[%emt 0:00:24]} Qd2+ {[%emt 0:00:30]} 30. Kh3 {[%emt 0:00:00]} Qd7+ {[%emt 0:00:21]} 31. Qg4 {[%emt 0:00:12]} Qxc7 {[%emt 0:00:04]} 32. b4 {[%emt 0:00:27]} h5 {[%emt 0:00:07]} 33. Qf3 {[%emt 0:00:24]} Qd7+ {[%emt 0:00:18]} 34. Kg2 {[%emt 0:00:13]} Qd2+ {[%emt 0:00:30]} 35. Kh3 {[%emt 0:00:00]} Re3 {[%emt 0:00:00]} 36. Qxe3 {[%emt 0:00:14]} Qxe3+ {[%emt 0:00:17]} 37. Kg2 {[%emt 0:00:30]} Bd4 {[%emt 0:00:00]} 38. Kf1 {[%emt 0:00:00]} Qf2# {[%emt 0:00:13]} 0-1

[Event "TUR-chT Superleague 2018"]
[Site "Ankara"]
[Date "2018.07.29"]
[Round "5"]
[White "Onur, Cigdem"]
[Black "Sade, Defne"]
[Result "1-0"]
[WhiteElo "1750"]
[BlackElo "1954"]
[Annotator "NA"]
[PlyCount "113"]
[EventDate "2018.07.25"]
[EventType "team-tourn"]
[EventCountry "TUR"]
[SourceTitle "playchess.com"]
[Source "ChessBase"]
[SourceQuality "1"]
[TimeControl "40/5400+30:1800+30"]

1. d4 {[%emt 0:00:30]} d5 {[%emt 0:01:00]} 2. Bf4 {[%emt 0:00:30]} c5 {[%emt 0:00:30]} 3. e3 {[%emt 0:00:30]} Nc6 {[%emt 0:00:00]} 4. c3 {[%emt 0:03:30]} Nf6 {[%emt 0:00:00]} 5. Nd2 {[%emt 0:00:30]} Bf5 {[%emt 0:00:30]} 6. Qb3 {[%emt 0:02:30]} Qd7 {[%emt 0:00:30]} 7. Ngf3 {[%emt 0:09:30]} c4 {[%emt 0:00:30]} 8. Qd1 {[%emt 0:03:30]} e6 {[%emt 0:00:30]} 9. Nh4 $11 {[%emt 0:19:30] LiveBook: 13 Games} Bg6 {[%emt 0:05:30]} 10. Nxg6 {[%emt 0:01:30]} hxg6 {[%emt 0:00:30]} 11. e4 {[%emt 0:07:30]} Be7 {[%emt 0:01:30]} 12. e5 {[%emt 0:02:30]} Ng8 {[%emt 0:12:30]} 13. Be2 {[%emt 0:13:30]} Nh6 {[%emt 0:03:30]} 14. h3 {[%emt 0:02:30]} Nf5 {[%emt 0:01:30]} 15. O-O {[%emt 0:03:30]} b5 {[%emt 0:03:30]} 16. b4 {[%emt 0:05:30]} O-O {[%emt 0:04:30]} 17. a4 {[%emt 0:04:47]} a6 {[%emt 0:01:30]} 18. g4 {[%emt 0:04:26]} Nh4 {[%emt 0:01:30]} 19. Bg3 {[%emt 0:01:12]} g5 {[%emt 0:14:30]} 20. f4 {[%emt 0:03:40]} gxf4 {[%emt 0:04:30]} 21. Bxf4 {[%emt 0:02:40]} Rfb8 {[%emt 0:01:30]} 22. a5 {[%emt 0:01:37]} Qd8 {[%emt 0:00:30]} 23. Nf3 {[%emt 0:00:58]} Nxf3+ {[%emt 0:10:30]} 24. Rxf3 {[%emt 0:00:09]} Bh4 {[%emt 0:00:30]} 25. Qd2 {[%emt 0:01:18]} Ne7 {[%emt 0:09:30]} 26. Raf1 {[%emt 0:00:57]} Ng6 {[%emt 0:01:30]} 27. Be3 {[%emt 0:00:25]} Rb7 {[%emt 0:06:13]} 28. Bd1 {[%emt 0:00:14]} Nf8 {[%emt 0:00:37]} 29. Bc2 {[%emt 0:01:36]} g6 {[%emt 0:03:34]} 30. g5 {[%emt 0:03:20]} Nh7 {[%emt 0:00:38]} 31. Rf6 {[%emt 0:00:14]} Nxf6 {[%emt 0:02:42]} 32. gxf6 {[%emt 0:00:12]} Kf8 {[%emt 0:02:56]} 33. Qg2 {[%emt 0:00:26]} Ke8 {[%emt 0:03:16]} 34. Bxg6 {[%emt 0:00:05]} fxg6 {[%emt 0:01:12]} 35. Qxg6+ {[%emt 0:00:50]} Kd7 {[%emt 0:00:05]} 36. Qf7+ {[%emt 0:01:14]} Kc8 {[%emt 0:00:45]} 37. Qxe6+ {[%emt 0:00:08]} Rd7 {[%emt 0:02:37]} 38. Qg4 {[%emt 0:00:47]} Bxf6 {[%emt 0:00:51]} 39. Rxf6 {[%emt 0:00:18]} Raa7 {[%emt 0:00:25]} 40. h4 {[%emt 0:00:00]} Kb8 {[%emt 0:01:09]} 41. Bg5 {[%emt 0:11:57]} Qh8 {[%emt 0:03:30]} 42. e6 {[%emt 0:06:01]} Rd8 {[%emt 0:03:30]} 43. Qf4+ {[%emt 0:03:48]} Ka8 {[%emt 0:00:30]} 44. Rf7 {[%emt 0:05:57]} Rxf7 {[%emt 0:05:30]} 45. Qxf7 {[%emt 0:02:05]} Qg8 {[%emt 0:01:22]} 46. Qc7 {[%emt 0:03:14]} Re8 {[%emt 0:04:37]} 47. Qc6+ {[%emt 0:00:43]} Kb8 {[%emt 0:00:19]} 48. Qb6+ {[%emt 0:00:11]} Kc8 {[%emt 0:00:30]} 49. Qxa6+ {[%emt 0:00:00]} Kc7 {[%emt 0:00:00]} 50. Qb6+ {[%emt 0:00:17]} Kc8 {[%emt 0:00:19]} 51. Qc6+ {[%emt 0:00:30]} Kb8 {[%emt 0:00:30]} 52. Qxb5+ {[%emt 0:00:18]} Kc7 {[%emt 0:00:00]} 53. Qb6+ {[%emt 0:01:00]} Kc8 {[%emt 0:00:00]} 54. Qc6+ {[%emt 0:00:24]} Kb8 {[%emt 0:00:00]} 55. Qb5+ {[%emt 0:01:56]} Kc8 {[%emt 0:00:10]} 56. Qd7+ {[%emt 0:00:20]} Kb8 {[%emt 0:00:11]} 57. a6 {[%emt 0:00:39]} 1-0

[Event "TUR-chT Superleague 2018"]
[Site "Ankara"]
[Date "2018.07.29"]
[Round "5"]
[White "Yorgun, Yaren Naz"]
[Black "Celik, Eda"]
[Result "0-1"]
[WhiteElo "1737"]
[BlackElo "1864"]
[Annotator "NA"]
[PlyCount "96"]
[EventDate "2018.07.25"]
[EventType "team-tourn"]
[EventCountry "TUR"]
[SourceTitle "playchess.com"]
[Source "ChessBase"]
[SourceQuality "1"]
[TimeControl "40/5400+30:1800+30"]

1. d4 {[%emt 0:00:30]} Nf6 {[%emt 0:01:00]} 2. Bf4 {[%emt 0:00:00]} d5 {[%emt 0:00:30]} 3. Nf3 {[%emt 0:00:00]} c5 {[%emt 0:00:30]} 4. e3 {[%emt 0:00:30]} Nc6 {[%emt 0:00:30]} 5. c3 {[%emt 0:00:30]} Qb6 {[%emt 0:00:30]} 6. Qb3 {[%emt 0:00:30]} c4 {[%emt 0:00:30]} 7. Qc2 {[%emt 0:00:00]} Bf5 {[%emt 0:00:30]} 8. Qc1 {[%emt 0:00:00]} e6 {[%emt 0:01:30]} 9. Be2 {[%emt 0:01:30]} Be7 {[%emt 0:00:30]} 10. Nbd2 {[%emt 0:00:30]} h6 {[%emt 0:03:30]} 11. h3 {[%emt 0:02:30]} O-O {[%emt 0:00:30]} 12. O-O {[%emt 0:01:30]} Rfc8 {[%emt 0:00:30]} 13. Ne5 {[%emt 0:01:30]} Nxe5 {[%emt 0:19:30]} 14. Bxe5 {[%emt 0:01:30]} Qd8 {[%emt 0:02:30]} 15. Bf3 {[%emt 0:05:30]} Bd3 {[%emt 0:10:30]} 16. Re1 {[%emt 0:05:30]} b5 {[%emt 0:01:30]} 17. e4 {[%emt 0:01:30]} b4 {[%emt 0:08:30]} 18. g4 {[%emt 0:26:30]} Qa5 {[%emt 0:11:30]} 19. a3 {[%emt 0:06:30]} bxc3 {[%emt 0:07:30]} 20. bxc3 {[%emt 0:11:30]} Rc6 {[%emt 0:03:30]} 21. a4 {[%emt 0:00:30]} Rac8 {[%emt 0:01:30]} 22. Bg2 {[%emt 0:02:30]} Rb6 {[%emt 0:03:30]} 23. f3 {[%emt 0:04:30]} Nd7 {[%emt 0:09:23]} 24. f4 {[%emt 0:21:40]} Nxe5 {[%emt 0:00:33]} 25. fxe5 {[%emt 0:00:13]} Bh4 {[%emt 0:00:55]} 26. Re3 {[%emt 0:01:09]} Bg5 {[%emt 0:00:42]} 27. Re1 {[%emt 0:01:26]} Rcb8 {[%emt 0:02:21]} 28. Ra2 {[%emt 0:02:10]} Rb1 {[%emt 0:03:24]} 29. Qxb1 {[%emt 0:00:46]} Bxb1 {[%emt 0:00:30]} 30. Nxb1 {[%emt 0:00:00]} Rb3 {[%emt 0:02:32]} 31. exd5 {[%emt 0:01:06]} exd5 {[%emt 0:00:06]} 32. Rae2 {[%emt 0:01:15]} Qb6 {[%emt 0:03:10]} 33. Nd2 {[%emt 0:00:28]} Bxd2 {[%emt 0:02:17]} 34. Rxd2 {[%emt 0:00:02]} Qa5 {[%emt 0:00:30]} 35. e6 {[%emt 0:01:33]} fxe6 {[%emt 0:00:04]} 36. Rde2 {[%emt 0:00:26]} Qxc3 {[%emt 0:00:25]} 37. Rxe6 {[%emt 0:00:00]} Qxd4+ {[%emt 0:00:30]} 38. Kh1 {[%emt 0:00:00]} Rb2 {[%emt 0:00:37]} 39. R6e5 {[%emt 0:00:09]} Kh7 {[%emt 0:00:53]} 40. Bxd5 {[%emt 0:00:00]} Qf2 {[%emt 0:01:08]} 41. Be4+ {[%emt 0:01:37]} g6 {[%emt 0:05:30]} 42. Re7+ {[%emt 0:06:30]} Kh8 {[%emt 0:00:30]} 43. Bc2 {[%emt 0:00:30]} Rxc2 {[%emt 0:05:30]} 44. Re8+ {[%emt 0:00:30]} Kg7 {[%emt 0:00:00]} 45. R1e7+ {[%emt 0:04:30]} Kf6 {[%emt 0:00:00]} 46. g5+ {[%emt 0:00:00]} Kxg5 {[%emt 0:03:21]} 47. Re5+ {[%emt 0:00:00]} Kf4 {[%emt 0:00:55]} 48. Re4+ {[%emt 0:01:30]} Kf3 {[%emt 0:00:17]} 0-1

[Event "TUR-chT Superleague 2018"]
[Site "Ankara"]
[Date "2018.07.29"]
[Round "5"]
[White "Keskin, Elif"]
[Black "Erece, Ece Alkim"]
[Result "1-0"]
[WhiteElo "1719"]
[BlackElo "1788"]
[Annotator "NA"]
[PlyCount "65"]
[EventDate "2018.07.25"]
[EventType "team-tourn"]
[EventCountry "TUR"]
[SourceTitle "playchess.com"]
[Source "ChessBase"]
[SourceQuality "1"]
[TimeControl "40/5400+30:1800+30"]

1. d4 {[%emt 0:00:30]} Nf6 {[%emt 0:01:00]} 2. Bg5 {[%emt 0:00:00]} d5 {[%emt 0:03:30]} 3. Bxf6 {[%emt 0:00:00]} gxf6 {[%emt 0:01:30]} 4. e3 {[%emt 0:00:30]} Nc6 {[%emt 0:00:30]} 5. c4 {[%emt 0:05:30]} e5 {[%emt 0:10:30]} 6. dxe5 {[%emt 0:11:30]} fxe5 {[%emt 0:00:30]} 7. cxd5 {[%emt 0:06:30]} Nb4 {[%emt 0:01:30]} 8. Nc3 {[%emt 0:01:30]} Rg8 {[%emt 0:05:30]} 9. a3 {[%emt 0:03:30]} Na6 {[%emt 0:00:30]} 10. Qh5 {[%emt 0:03:30]} Rg5 {[%emt 0:08:30]} 11. Qxh7 {[%emt 0:06:30]} Bf5 {[%emt 0:03:30]} 12. Qh4 {[%emt 0:00:30]} Nc5 {[%emt 0:00:30]} 13. Nf3 {[%emt 0:03:30]} Rg8 {[%emt 0:02:30]} 14. Qxd8+ {[%emt 0:02:30]} Rxd8 {[%emt 0:00:00]} 15. Bb5+ {[%emt 0:11:30]} Ke7 {[%emt 0:02:00]} 16. Bc4 {[%emt 0:10:30]} Rxg2 {[%emt 0:03:30]} 17. Nxe5 {[%emt 0:05:30]} Bg7 {[%emt 0:01:30]} 18. Nf3 {[%emt 0:05:30]} Bd3 {[%emt 0:01:30]} 19. Ba2 {[%emt 0:04:09]} Ba6 {[%emt 0:04:30]} 20. Bb1 {[%emt 0:05:48]} Nb3 {[%emt 0:23:30]} 21. Ra2 {[%emt 0:00:37]} Bc4 {[%emt 0:01:30]} 22. h4 {[%emt 0:04:09]} Bxc3+ {[%emt 0:03:30]} 23. bxc3 {[%emt 0:00:17]} Bxd5 {[%emt 0:04:46]} 24. e4 {[%emt 0:01:20]} Bc4 {[%emt 0:03:05]} 25. h5 {[%emt 0:00:38]} Kf8 {[%emt 0:02:35]} 26. h6 {[%emt 0:01:30]} Kg8 {[%emt 0:00:16]} 27. Ne5 {[%emt 0:01:52]} Be6 {[%emt 0:00:51]} 28. h7+ {[%emt 0:01:09]} Kh8 {[%emt 0:00:18]} 29. f4 {[%emt 0:00:44]} Rg7 {[%emt 0:02:43]} 30. f5 {[%emt 0:01:04]} Bd7 {[%emt 0:00:59]} 31. f6 {[%emt 0:00:27]} Rxh7 {[%emt 0:01:22]} 32. Nxf7+ {[%emt 0:00:07]} Kg8 {[%emt 0:00:32]} 33. Rxh7 {[%emt 0:00:10]} 1-0

[Event "TUR-chT Superleague 2018"]
[Site "Ankara"]
[Date "2018.07.29"]
[Round "5"]
[White "Sel, Sedat"]
[Black "Korkmaz, Necmettin"]
[Result "0-1"]
[WhiteElo "1689"]
[BlackElo "2056"]
[Annotator "NA"]
[PlyCount "82"]
[EventDate "2018.07.25"]
[EventType "team-tourn"]
[EventCountry "TUR"]
[SourceTitle "playchess.com"]
[Source "ChessBase"]
[SourceQuality "1"]
[TimeControl "40/5400+30:1800+30"]

1. f4 {[%emt 0:00:30]} d5 {[%emt 0:06:00]} 2. Nf3 {[%emt 0:00:00]} Nf6 {[%emt 0:00:30]} 3. e3 {[%emt 0:00:00]} c6 {[%emt 0:05:30]} 4. c4 {[%emt 0:00:30]} Bg4 {[%emt 0:00:30]} 5. cxd5 {[%emt 0:00:30]} cxd5 {[%emt 0:00:30]} 6. Bb5+ {[%emt 0:00:30]} Nc6 {[%emt 0:00:00]} 7. O-O {[%emt 0:00:30]} Qb6 {[%emt 0:01:00]} 8. Qa4 {[%emt 0:00:30]} a6 {[%emt 0:08:30]} 9. Bxc6+ {[%emt 0:01:30]} bxc6 {[%emt 0:00:30]} 10. Ne5 {[%emt 0:00:30]} Be2 {[%emt 0:10:30]} 11. Rf2 {[%emt 0:09:30]} Bb5 {[%emt 0:03:30]} 12. Qc2 {[%emt 0:00:00]} Ne4 {[%emt 0:09:30]} 13. a4 {[%emt 0:06:00]} f6 {[%emt 0:05:30]} 14. axb5 {[%emt 0:01:30]} fxe5 {[%emt 0:01:30]} 15. Rf3 {[%emt 0:01:30]} exf4 {[%emt 0:02:30]} 16. Rxa6 {[%emt 0:01:30]} Rxa6 {[%emt 0:00:30]} 17. bxa6 {[%emt 0:00:30]} fxe3 {[%emt 0:00:30]} 18. Rxe3 {[%emt 0:00:30]} e6 {[%emt 0:10:30]} 19. a7 {[%emt 0:03:30]} Qxa7 {[%emt 0:03:30]} 20. Qxc6+ {[%emt 0:00:30]} Kf7 {[%emt 0:01:30]} 21. Kf1 {[%emt 0:00:00]} Bc5 {[%emt 0:07:30]} 22. Rf3+ {[%emt 0:04:00]} Nf6 {[%emt 0:04:10]} 23. Nc3 {[%emt 0:13:30]} Rd8 {[%emt 0:03:55]} 24. Na4 {[%emt 0:02:30]} Be7 {[%emt 0:02:37]} 25. b3 {[%emt 0:06:30]} Qb8 {[%emt 0:02:00]} 26. g3 {[%emt 0:03:30]} Rc8 {[%emt 0:00:21]} 27. Qa6 {[%emt 0:06:30]} Rxc1+ {[%emt 0:00:32]} 28. Kg2 {[%emt 0:00:30]} d4 {[%emt 0:03:14]} 29. Nb6 {[%emt 0:01:30]} Rc6 {[%emt 0:01:29]} 30. Nd7 {[%emt 0:00:30]} Rxa6 {[%emt 0:00:26]} 31. Nxb8 {[%emt 0:00:30]} Rb6 {[%emt 0:02:02]} 32. Nd7 {[%emt 0:00:30]} Rb5 {[%emt 0:00:17]} 33. g4 {[%emt 0:01:30]} Ke8 {[%emt 0:00:11]} 34. Nxf6+ {[%emt 0:00:30]} Bxf6 {[%emt 0:01:01]} 35. Kf2 {[%emt 0:00:30]} e5 {[%emt 0:00:39]} 36. Ke2 {[%emt 0:00:30]} e4 {[%emt 0:00:10]} 37. Rh3 {[%emt 0:00:30]} h6 {[%emt 0:00:17]} 38. Rg3 {[%emt 0:00:30]} Bg5 {[%emt 0:00:14]} 39. Kd1 {[%emt 0:00:30]} d3 {[%emt 0:00:32]} 40. h4 {[%emt 0:00:00]} Rxb3 {[%emt 0:01:23]} 41. Kc1 {[%emt 0:01:00]} Be7 {[%emt 0:00:00]} 0-1

[Event "TUR-chT Superleague 2018"]
[Site "Ankara"]
[Date "2018.07.29"]
[Round "5"]
[White "Ozcan, Kaan"]
[Black "Eren, Ataberk"]
[Result "0-1"]
[WhiteElo "1523"]
[BlackElo "2195"]
[Annotator "NA"]
[PlyCount "68"]
[EventDate "2018.07.25"]
[EventType "team-tourn"]
[EventCountry "TUR"]
[SourceTitle "playchess.com"]
[Source "ChessBase"]
[SourceQuality "1"]
[TimeControl "40/5400+30:1800+30"]

1. c4 {[%emt 0:00:30]} Nf6 {[%emt 0:01:00]} 2. d4 {[%emt 0:00:30]} c5 {[%emt 0:00:00]} 3. Nf3 {[%emt 0:00:30]} g6 {[%emt 0:01:00]} 4. g3 {[%emt 0:01:30]} Bg7 {[%emt 0:00:30]} 5. Bg2 {[%emt 0:00:30]} O-O {[%emt 0:00:30]} 6. O-O {[%emt 0:00:30]} cxd4 {[%emt 0:00:30]} 7. Nxd4 {[%emt 0:00:30]} Nc6 {[%emt 0:00:00]} 8. Nc3 {[%emt 0:02:30]} Ng4 {[%emt 0:02:00]} 9. e3 {[%emt 0:08:30]} Nge5 {[%emt 0:00:30]} 10. b3 {[%emt 0:03:30]} d6 {[%emt 0:02:30]} 11. Bb2 {[%emt 0:07:30]} Bg4 {[%emt 0:12:30]} 12. f3 {[%emt 0:13:30]} Bd7 {[%emt 0:01:30]} 13. Qd2 {[%emt 0:06:30]} a5 {[%emt 0:06:30]} 14. h3 {[%emt 0:09:30]} a4 {[%emt 0:17:30]} 15. Nxc6 {[%emt 0:11:30]} Bxc6 {[%emt 0:03:30]} 16. Rae1 {[%emt 0:08:30]} axb3 {[%emt 0:02:30]} 17. axb3 {[%emt 0:00:30]} Qb6 {[%emt 0:04:30]} 18. f4 {[%emt 0:04:21]} Nd7 {[%emt 0:00:30]} 19. Nd5 {[%emt 0:03:58]} Bxd5 {[%emt 0:00:30]} 20. Bxd5 {[%emt 0:00:01]} Ra2 {[%emt 0:02:30]} 21. Rb1 {[%emt 0:03:28]} e6 {[%emt 0:04:30]} 22. Bf3 {[%emt 0:03:50]} Nc5 {[%emt 0:02:30]} 23. Rf2 {[%emt 0:02:11]} Rxb2 {[%emt 0:13:30]} 24. Rxb2 {[%emt 0:00:30]} Bxb2 {[%emt 0:00:30]} 25. b4 {[%emt 0:04:28]} Na4 {[%emt 0:00:30]} 26. Qc2 {[%emt 0:02:56]} Ra8 {[%emt 0:00:30]} 27. Bd1 {[%emt 0:00:41]} Qxe3 {[%emt 0:00:30]} 28. Kg2 {[%emt 0:00:28]} Bd4 {[%emt 0:00:00]} 29. Rd2 {[%emt 0:00:31]} Qg1+ {[%emt 0:02:00]} 30. Kf3 {[%emt 0:00:04]} Nb2 {[%emt 0:00:00]} 31. Be2 {[%emt 0:00:52]} Qf2+ {[%emt 0:01:00]} 32. Kg4 {[%emt 0:00:30]} h5+ {[%emt 0:00:00]} 33. Kg5 {[%emt 0:00:11]} Qxg3+ {[%emt 0:00:00]} 34. Kh6 {[%emt 0:00:30]} Bg7# {[%emt 0:00:00]} 0-1

[Event "TUR-chT Superleague 2018"]
[Site "Ankara"]
[Date "2018.07.29"]
[Round "6"]
[White "Cheparinov, Ivan"]
[Black "Haznedaroglu, Kivanc"]
[Result "1-0"]
[WhiteElo "2712"]
[BlackElo "2472"]
[Annotator "TA"]
[PlyCount "143"]
[EventDate "2018.07.25"]
[EventType "team-tourn"]
[EventCountry "TUR"]
[SourceTitle "playchess.com"]
[Source "ChessBase"]
[SourceQuality "1"]

{[%evp 12,143,63,37,45,40,43,23,63,41,49,49,54,32,66,27,74,74,72,48,62,69,93,103,156,141,152,149,429,432,433,430,439,237,230,207,196,198,195,183,190,146,137,122,131,114,180,114,211,166,139,133,133,135,133,140,276,287,257,218,229,225,230,230,195,133,344,254,334,343,351,339,308,314,314,314,334,322,303,349,474,453,486,448,539,548,606,531,505,526,529,491,492,458,466,432,447,432,439,390,446,412,396,394,439,0,409,254,500,460,510,502,670,881,911,936,862,861,814,785,1261,1104,1745,1546,1403,1378,1407,1260,12842,12842,12845,1650,12845,12846]} 1. e4 {Polgar,J} c5 2. Nf3 Nc6 3. d4 cxd4 4. Nxd4 Qb6 5. Nb3 Nf6 6. Nc3 e6 7. Qf3 {LiveBook: 3 Games. B33: Sicilian: Pelikan and Sveshnikov Variations} d6 8. Bg5 Be7 9. Qg3 {White is slightly better.} a6 10. O-O-O Qc7 $146 ({Predecessor:} 10... O-O 11. Kb1 Rd8 12. f4 Qc7 13. Bd3 b5 14. Qh4 h6 15. Bxh6 gxh6 16. Qxh6 {0-1 (112) Dominguez Perez,L (2719)-Polgar,J (2699) Khanty-Mansiysk 2011 CBM 145 [Polgar,J]}) 11. Bxf6 gxf6 12. Be2 Bd7 13. Bh5 O-O-O 14. Qh3 Rhf8 15. f4 {[%cal Bf2f4,Bf4f5,Bf5e6][%mdl 32]} Kb8 16. Kb1 Na5 17. f5 Nc4 {[#]} ({Better is} 17... Nxb3 18. axb3 Qc8) 18. Bxf7 $1 $16 {[%mdl 512]} Rxf7 19. fxe6 Bc8 $2 {[%mdl 8192]} (19... d5 $16 20. exd7 dxe4) 20. Nd5 $18 Qc6 {Black hopes to continue with ...Qb5.} 21. Nd4 Qc5 22. b4 ({Don't take} 22. Qg3 Bxe6 23. Nxe6 Qc8 $18) (22. Qc3 $142 Bxe6 23. Nxe6) 22... Qa7 23. Qc3 Bxe6 24. Nxe6 Rc8 25. Qd4 Bf8 26. Rhe1 f5 27. Rf1 Qxd4 28. Nxd4 Bg7 (28... f4 $16 29. Nf5 (29. Rxf4 Rxf4 30. Nxf4 Re8 $16) 29... Bg7) 29. c3 (29. Rxf5 $18 Bxd4 30. Rxd4) 29... Be5 (29... f4 $16 30. Nf5 Be5) 30. exf5 Bxh2 31. Nf3 $36 {[%mdl 2048] White is in control.} Be5 32. g4 {[%cal Bg2g4,Bg4h5][%mdl 32]} Rg8 33. Rg1 h5 (33... h6 $16 34. Kc2 b5) 34. Nxe5 (34. gxh5 $6 Rxg1 35. Rxg1 Rxf5 $18) 34... Nxe5 35. gxh5 Rxg1 36. Rxg1 Rxf5 {[%mdl 4096] Endgame [#] KRN-KRN} 37. Rh1 $1 Ng4 38. c4 (38. Ne7 $18 Rf7 39. Nd5) 38... Rf7 $2 (38... Nh6 $16 {is a better defense.} 39. Kc2 Rf2+ 40. Kb3 Rf3+ 41. Ka4 Rf2) 39. Rh4 Rf1+ 40. Kc2 Rf2+ 41. Kc3 Nh6 42. a4 {[%cal Ba2a4,Ba4a5][%mdl 32]} Rf3+ 43. Kd2 b5 44. cxb5 ({Resist} 44. axb5 axb5 45. cxb5 Kb7 $18) 44... axb5 45. a5 Rf5 46. Nf4 Re5 47. Ne2 Kb7 48. Nd4 Rg5 49. Rh1 Rd5 50. Kc3 Ka6 51. Rh3 Re5 52. Nc2 Rg5 53. Ne3 Kb7 54. Kd3 Kc6 55. Rh1 Re5 56. Kd4 Kb7 57. Rh3 Kc6 58. Kd3 $2 ({White should play} 58. Nc2 $18) 58... Kb7 $2 {[%mdl 8192]} (58... Rg5 $1 $11 {and Black has nothing to worry.} 59. Kc3 Kb7) 59. Nc2 Ka6 $2 (59... Rd5+ 60. Kc3 Rg5) 60. Nd4 {White is clearly winning.} Rg5 61. Rf3 Ng4 {And now ...Ne5+ would win.} 62. Rf5 Ne5+ 63. Ke4 Rg4+ 64. Rf4 Rg5 65. Rf6 Nc4 66. h6 Rg4+ 67. Kd5 Rh4 68. Nf5 Rh1 69. Ke6 Ne5 70. Kxd6 Nd3 71. Kc7+ Ka7 72. Nd4 {Precision: White = 64%, Black = 27%.} 1-0

[Event "TUR-chT Superleague 2018"]
[Site "Ankara"]
[Date "2018.07.29"]
[Round "6"]
[White "Mamedov, Rauf"]
[Black "Goganov, Aleksey"]
[Result "0-1"]
[WhiteElo "2708"]
[BlackElo "2576"]
[Annotator "TA"]
[PlyCount "72"]
[EventDate "2018.07.25"]
[EventType "team-tourn"]
[EventCountry "TUR"]
[SourceTitle "playchess.com"]
[Source "ChessBase"]
[SourceQuality "1"]

{[%evp 15,72,23,15,14,21,5,21,16,15,0,16,0,0,0,14,0,6,6,30,34,23,40,52,43,57,54,44,51,53,42,52,50,43,0,0,0,0,0,0,0,0,0,0,0,0,-593,-604,-536,-225,-1082,-1071,-1413,-1413,-1349,-1342,-1251,-1223,-1094,-1079]} 1. e4 e5 2. Nc3 Nf6 3. g3 d5 4. exd5 Nxd5 5. Bg2 Nf6 (5... Nxc3 6. bxc3 Bc5 7. Nf3 Nc6 8. O-O O-O 9. Re1 Qf6 10. d3 h6 11. Rb1 Bb6 12. Be3 Bg4 13. h3 Be6 14. c4 e4 15. Nd2 exd3 16. c5 Ba5 17. Rxb7 Nb4 18. cxd3 Bd5 19. Rxb4 Bxg2 {½-½ (31) Nakamura,H (2787)-Xiong,J (2665) Saint Louis 2018}) 6. Nf3 {C26: Vienna Game: 2...Nf6, sidelines} Nc6 7. O-O Bc5 8. d3 O-O {LiveBook: 18 Games} 9. Re1 h6 10. Be3 Bd4 11. Qd2 $146 ({Predecessor:} 11. h3 Bf5 12. Qd2 Qd7 13. Kh2 Rfe8 14. Re2 {0-1 (45) Sudakova,I (2352)-Goganov,A (2598) St Petersburg 2015}) 11... Be6 12. Na4 Bd5 13. c4 Bxf3 14. Bxf3 Qd7 15. Nc3 Rad8 16. Rad1 Bxc3 17. Qxc3 Rfe8 18. b4 a6 19. b5 axb5 20. cxb5 Nd4 21. Bxd4 exd4 22. Qc4 b6 23. Rxe8+ Rxe8 24. Bc6 (24. Rc1 $5 {[%cal Rf3c6]} Re5 25. Qxc7 Re1+ 26. Kg2 Rxc1 27. Qxc1 $14) 24... Qg4 25. f3 Qg5 {aiming for ...Qe3+.} 26. Qxd4 Re2 27. a4 Qh5 28. h4 Qf5 29. g4 Qe6 30. Qf4 $2 {[%mdl 8192] [#]} (30. Rf1 $1 $11) 30... Nh5 $1 $19 {[%mdl 512]} 31. Qd4 {Black should prevent Qd8+.} (31. gxh5 Qh3) 31... Ng3 $40 {[%mdl 128] White is in trouble.} (31... Qa2 $142 32. f4 (32. Qd8+ $2 Kh7 $19) 32... Ng3 33. Qd8+ Kh7) 32. Qf4 $2 {[#]} (32. Bd5 Qd6 33. Bxf7+ Kxf7 34. Qxd6 cxd6 35. Rc1) 32... Qb3 $1 {[%cal Rb3d1] Black is clearly winning.} 33. Qc1 Qxa4 34. d4 Qa2 {[%csl Ga2][%cal Re2g2]} 35. f4 Qb3 {( -> ...Ne4)} 36. Re1 Qe6 {Precision: White = 63%, Black = 62%.} 0-1